Religion and society in Orissa : Mahima Dharma in the Nineteenth and Twentieth centuries (Record no. 19097)

MARC details
000 -LEADER
fixed length control field 00432nam a2200145Ia 4500
082 ## - DEWEY DECIMAL CLASSIFICATION NUMBER
Classification number TB.0321
100 ## - MAIN ENTRY--AUTHOR NAME
Personal name Bandyopadhyay, Ishita
245 #0 - TITLE STATEMENT
Title Religion and society in Orissa : Mahima Dharma in the Nineteenth and Twentieth centuries
260 ## - PUBLICATION, DISTRIBUTION, ETC. (IMPRINT)
Year of publication 1993
Name of publisher University of Calcutta
300 ## - PHYSICAL DESCRIPTION
Number of Pages 221p. + C D -19
650 ## - SUBJECT ADDED ENTRY--TOPICAL TERM
Topical Term RELIGION AND SOCIOLOGY - ORISSA
650 ## - SUBJECT ADDED ENTRY--TOPICAL TERM
Topical Term MAHIMA DHARMA
710 ## - ADDED ENTRY--CORPORATE NAME
Corporate name or jurisdiction name as entry element Bhadra, Gautam
942 ## - ADDED ENTRY ELEMENTS (KOHA)
Koha item type Thesis
Source of classification or shelving scheme Dewey Decimal Classification
Holdings
Withdrawn status Lost status Damaged status Not for loan Home library Current library Date acquired Bill Date Full call number Accession Number Price effective from Koha item type
        NASSDOC Library NASSDOC Library 08/10/2004 2008-12-30 TB.0321 35519 18/04/2019 Thesis